| 000 | 00703nam a2200193 a 4500 | ||
|---|---|---|---|
| 005 | 20240706063727.0 | ||
| 008 | 991125s1941 mx 000 0 spa u | ||
| 035 | _aUPN01000003148 | ||
| 049 | _aCG | ||
| 050 | 4 |
_aPQ7129 _bA5.3 |
|
| 100 | 1 | _aAndrade, Cayetano | |
| 245 | 1 | 0 |
_aAntología de escritores nicolaitas : _bIV centenario del Colegio Primitivo y Nacional de San Nicolás de Hidalgo, 1540-1940 / _cCayetano Andrade. |
| 260 |
_aMéxico : _b[s.n.], _c1941. |
||
| 300 | _a800 p., [18] h. de láms. | ||
| 500 | _a"Obra conmemorativa" | ||
| 610 | 2 | 4 |
_aColegio de San Nicolás de Hidalgo (Morelia, Michoacán) _95123 |
| 650 | 4 |
_aLITERATURA MEXICANA - _zMICHOACAN - _vBIBLIOGRAFIA _920920 |
|
| 905 | _aLibro | ||
| 999 |
_c3148 _d3148 |
||